000 00353nam a22001337a 4500
999 _c530177
_d530177
003 NUST
038 _awaseem
082 _a909.91767
_bKHA
100 _aKhan, Mustayeen Ahmed
_922765
245 _aThe Compendium of Muslim Civilization /
_cMustayeen Ahmed Khan
260 _aLahore :
_bAjmal Publications,
_c2015.
300 _a294 p. ;
942 _2ddc
_cBK